Organizational behavior (Record no. 227015)
[ view plain ]
| 000 -LEADER | |
|---|---|
| fixed length control field | 00943nam a22002297a 4500 |
| 005 - DATE AND TIME OF LATEST TRANSACTION | |
| control field | 20230320095317.0 |
| 008 - FIXED-LENGTH DATA ELEMENTS--GENERAL INFORMATION | |
| fixed length control field | 230313b ||||| |||| 00| 0 eng d |
| 020 ## - INTERNATIONAL STANDARD BOOK NUMBER | |
| International Standard Book Number | 9780071271783 |
| 040 ## - CATALOGING SOURCE | |
| Transcribing agency | AL |
| 041 ## - LANGUAGE CODE | |
| Language code of text/sound track or separate title | eng |
| 082 ## - DEWEY DECIMAL CLASSIFICATION NUMBER | |
| Edition number | 23 |
| Classification number | 302.35 |
| Item number | MCSO |
| 100 ## - MAIN ENTRY--PERSONAL NAME | |
| Personal name | Steven L Mcshane |
| 9 (RLIN) | 75204 |
| 245 ## - TITLE STATEMENT | |
| Title | Organizational behavior |
| Remainder of title | : Essentials |
| 250 ## - EDITION STATEMENT | |
| Edition statement | 2nd ed. |
| 260 ## - PUBLICATION, DISTRIBUTION, ETC. | |
| Place of publication, distribution, etc. | New York |
| Name of publisher, distributor, etc. | McGraw Hill |
| Date of publication, distribution, etc. | 2009 |
| 300 ## - PHYSICAL DESCRIPTION | |
| Extent | xxi,398p. |
| Other physical details | PB |
| Dimensions | 25.5x20cm. |
| 365 ## - TRADE PRICE | |
| Source of price type code | General |
| Price type code | ABDI/0592/22 |
| Price amount | ₹2996.00 |
| Currency code | ₹ |
| Unit of pricing | ₹3995.00 |
| Price note | 25% |
| Price effective from | 29-08-2023 |
| 520 ## - SUMMARY, ETC. | |
| Summary, etc. | Introduction to the field of organizational behavior; individual behavior and processes; perception and learning in organizations; workplace emotions attitudes and stress; employee motivation; decision making and creativity; team processes; communicating in teams and organizations. |
| 650 ## - SUBJECT ADDED ENTRY--TOPICAL TERM | |
| Topical term or geographic name entry element | Organizational Behavior |
| 9 (RLIN) | 75205 |
| 700 ## - ADDED ENTRY--PERSONAL NAME | |
| Personal name | Glinow, Mary Ann Von |
| 9 (RLIN) | 75206 |
| 942 ## - ADDED ENTRY ELEMENTS (KOHA) | |
| Source of classification or shelving scheme | Dewey Decimal Classification |
| Koha item type | Book |
| Withdrawn status | Lost status | Source of classification or shelving scheme | Damaged status | Not for loan | Collection code | Home library | Current library | Date acquired | Source of acquisition | Cost, normal purchase price | Total Checkouts | Full call number | Barcode | Date last seen | Cost, replacement price | Price effective from | Koha item type |
|---|---|---|---|---|---|---|---|---|---|---|---|---|---|---|---|---|---|
| Dewey Decimal Classification | M Com | St Aloysius PG Library | St Aloysius PG Library | 03/09/2023 | Academic Book Distributors | 2996.00 | 302.35 MCSO | PG024293 | 03/13/2023 | 3995.00 | 03/13/2023 | Book |